Catalog

Record Details

Catalog Search



Pastoralliturgisches Handlexikon  Cover Image Book Book

Pastoralliturgisches Handlexikon / Adolf Adam a Rupert Berger

Record details

  • ISBN: 3-451-18972-0
  • Physical Description: xxii, 570 S.
  • Edition: 2. Aufl.
  • Publisher: Freiburg : Herder, 1980

Content descriptions

Bibliography, etc. Note:
Obsahuje bibliografické odkazy a rejstřík
Subject: pastorální teologie
liturgika
oborová terminologie
Genre: výkladové slovníky
terminologické slovníky

Available copies

  • 2 of 2 copies available at Common Catalog SPOK.

Holds

  • 0 current holds with 2 total copies.
Show Only Available Copies
Location Call Number / Copy Notes Barcode Shelving Location Status Due Date
ETS Library 253.03 424470008681 Volný výběr Available -
ETS Library 264 424470019779 Volný výběr Available -

LDR 00696nam a2 00265
00135630
003CZ-PrJAB
00520040318000000.0
008010111s1980 gw e |||| |ger
009ge
020 . ‡a3-451-18972-0
035 . ‡a(CONS)6930
035 . ‡aKPS7940
040 . ‡aABG450 ‡bcze
041 . ‡ager
08214. ‡a253.03
08214. ‡a264
100 . ‡aAdam, Adolf, ‡d1912-2005 ‡7jo20010086229 ‡4aut
245 . ‡aPastoralliturgisches Handlexikon / ‡cAdolf Adam a Rupert Berger
250 . ‡a2. Aufl.
260 . ‡aFreiburg : ‡bHerder, ‡c1980
300 . ‡axxii, 570 S.
504 . ‡aObsahuje bibliografické odkazy a rejstřík
65007. ‡apastorální teologie ‡7ph123991 ‡2czenas
65007. ‡aliturgika ‡7ph122422 ‡2czenas
65007. ‡aoborová terminologie ‡7ph138998 ‡2czenas
655 7. ‡avýkladové slovníky ‡7fd133855 ‡2czenas
655 7. ‡aterminologické slovníky ‡7fd202538 ‡2czenas
653 . ‡aPastoralliturgisches Handlexikon
700 . ‡aBerger, Rupert, ‡d1926- ‡7skuk0000097 ‡4aut
8524 . ‡bETS ‡bETS ‡cVolný výběr ‡j253.03 ‡gA ‡p424470008681
910 . ‡aABG450
995 . ‡aska
901 . ‡a35630 ‡b ‡c35630 ‡tbiblio ‡sets

Additional Resources